| 000 | 00625nam a2200193 i 4500 | ||
|---|---|---|---|
| 001 | 28114 | ||
| 003 | ES-MaACL | ||
| 005 | 20230906153751.0 | ||
| 007 | t| | ||
| 008 | 030116s1901 fr ||||1| fre d | ||
| 100 | 1 |
_aBach, C. _924453 |
|
| 245 | 1 | 0 |
_aEléments des machines leur calcul et leur construction / _cpar C. Bach ; traduit sur la septiéme edition allemande par L. Desmarest. |
| 260 |
_aParís : _b[s.n.], _c1901 ( _eLaval : _fImp. Lo Banaoud) |
||
| 300 |
_a2 v. ; _c28 cm. |
||
| 500 | _aTexto y Atlas. | ||
| 650 | 4 |
_aMáquinas- _xPiezas. _9159467 |
|
| 700 | 1 |
_aDesmarest, L. _943899 |
|
| 852 |
_aES-MaACL _jF-287-88 |
||
| 999 |
_c28114 _d28114 |
||